00400nam a2200157Ia 45000010006000000050017000060080041000230410008000640820016000721000024000882450070001122600009001823000035001916500008002266540008002341490420260306164948.0260306t2004||||xx |||||||||||||| ||spa|| aESP a519.5bL565 aLong, J. ScotteAUT 0aRegression models for categorical dependent variables using stata c2004 axxiii, 589 páginas :c23 cm. aGEN aCMA